Advanced engineering mathematics (Record no. 2354)

000 -LEADER
fixed length control field 00457nam a22001937a 4500
001 - CONTROL NUMBER
control field 2354
003 - CONTROL NUMBER IDENTIFIER
control field BD-DhUET
008 - FIXED-LENGTH DATA ELEMENTS--GENERAL INFORMATION
fixed length control field 140922b xxu||||| |||| 00| 0 eng d
020 ## - INTERNATIONAL STANDARD BOOK NUMBER
International Standard Book Number 8121903459
040 ## - CATALOGING SOURCE
Transcribing agency 0
Modifying agency BD-DhUET
082 ## - DEWEY DECIMAL CLASSIFICATION NUMBER
Classification number 510
Item number DAS/2007
100 ## - MAIN ENTRY--PERSONAL NAME
Personal name Dass, H.K.
245 ## - TITLE STATEMENT
Title Advanced engineering mathematics
250 ## - EDITION STATEMENT
Edition statement 17th Rev. ed.
260 ## - PUBLICATION, DISTRIBUTION, ETC. (IMPRINT)
Place of publication, distribution, etc. Ram Nagar
Name of publisher, distributor, etc. S. Chand.
Date of publication, distribution, etc. 2007
300 ## - PHYSICAL DESCRIPTION
Extent xvi,1274p.
650 #0 - SUBJECT ADDED ENTRY--TOPICAL TERM
Topical term or geographic name as entry element Mathematics
942 ## - ADDED ENTRY ELEMENTS (KOHA)
Koha item type General Book
Holdings
Koha issues (times borrowed) Damaged status Source of classification or shelving scheme Date acquired Shelving location Koha item type Price effective from Koha out on loan Koha date last borrowed Koha full call number Withdrawn status Sublocation or collection (holding branch) Piece designation (barcode) Location (home branch) Koha normalized classification for sorting Copy number Not for loan Koha date last seen Lost status
3  2014-09-22Circulation sectionGeneral Book2014-09-22 2022-11-23510/DAS/2007 Central Library, BUET103924Central Library, BUET510DAS20071 2023-05-06 
6  2014-09-22Circulation sectionGeneral Book2014-09-222026-01-272026-01-13510/DAS/2007 Central Library, BUET103925Central Library, BUET510DAS20072 2026-01-13 
4  2014-09-22Circulation sectionGeneral Book2014-09-22 2024-12-01510/DAS/2007 Central Library, BUET103927Central Library, BUET510DAS20073 2025-02-10 
3  2014-09-22Circulation sectionGeneral Book2014-09-22 2023-03-22510/DAS/2007 Central Library, BUET103928Central Library, BUET510DAS20074 2023-06-05 
1  2014-09-22Circulation sectionGeneral Book2014-09-22 2014-11-12510/DAS/2007 Central Library, BUET103929Central Library, BUET510DAS20075 2016-02-24 
2  2014-09-22Circulation sectionGeneral Book2014-09-22 2023-01-11510/DAS/2007 Central Library, BUET103931Central Library, BUET510DAS20077 2023-02-28 
3  2014-09-22Circulation sectionGeneral Book2014-09-222026-04-292026-04-15510/DAS/2007 Central Library, BUET103930Central Library, BUET510DAS20076 2026-04-15 
2  2015-01-26Circulation sectionGeneral Book2015-01-26 2019-01-20510/DAS/2007 Central Library, BUET103922Central Library, BUET510_000000000000000_DAS_20078 2019-03-31 
2  2015-09-01Circulation sectionGeneral Book2015-09-01 2025-03-02510DAS/2007 Central Library, BUET103923Central Library, BUET510DAS_2007_0000000000000009 2025-04-07 
11  2007-05-28Circulation sectionGeneral Book2017-05-292024-12-082024-11-24510/DAS/2007 Central Library, BUET103926Central Library, BUET510_000000000000000_DAS_200710 2024-11-24